000 01016cam a2200229 4500
001 ABS66045
008 021029n2002 000 0 eng u
035 _a(Sirsi) u120306
245 _aCareers supplement
260 _c2002
490 _aProperty Week
_vOctober 2002, (36) (LOAN)
520 _aSpecial supplement on careers in property. Articles on the following subjects: surveying firms revising bonus schemes to attract new blood; industry players' views on the best and worst things about working in property; the experiences of property entrepreneurs setting up in business; surveying firms afffected by recent mergers, takeovers and influence from the US; and explanations of key job titles in property. Includes a courses directory.
590 _aABS
650 _aSURVEYING FIRMS
650 _aPROPERTY INDUSTRY
650 _aBONUSES
650 _aPROFESSIONAL PRACTICE
650 _aCAREERS, EDUCATION AND TRAINING
650 _aENTREPRENEURS
690 _aEDUCATION-CAREERS
942 _n0
999 _c71478
_d71478